书目信息 |
| 题名: |
可持续发展引论
|
|
| 作者: | 叶文虎 著 | |
| 分册: | ||
| 出版信息: | 北京 高等教育出版社 2001.7 |
|
| 页数: | 360页 | |
| 开本: | 20cm | |
| 丛书名: | ||
| 单 册: | ||
| 中图分类: | X22 | |
| 科图分类: | ||
| 主题词: | 环境--综合研究 | |
| 电子资源: | ||
| ISBN: | 7-04-008621-2 | |
| 000 | 00534nam0 2200193 45 | |
| 001 | 0235472516 | |
| 005 | 2002061009511251 | |
| 010 | @a7-04-008621-2@dRMB 12.60 | |
| 100 | @a20020610d2001 km y0chiy0120 ea | |
| 101 | 0 | @achi |
| 102 | @aCN@b110000 | |
| 200 | 1 | @a可持续发展引论@Ake chi xu fa zhan yin lun@f叶文虎著@Fye wen hu zhu |
| 210 | @a北京@c高等教育出版社@d2001.7 | |
| 215 | @a360页@d20cm | |
| 606 | 0 | @a环境@x综合研究 |
| 690 | @aX22@v3 | |
| 701 | 0 | @a叶文虎@Aye wen hu@4著 |
| 801 | 0 | @aCN@bPFT@c20020610 |
| 905 | @a10447@dX22@eY456 | |
| 可持续发展引论/叶文虎著.-北京:高等教育出版社,2001.7 |
| 360页;20cm |
| ISBN 7-04-008621-2:RMB 12.60 |
| ● |
| 相关链接 |
|
|
|
正题名:可持续发展引论
索取号:X22/Y456
 
预约/预借
| 序号 | 登录号 | 条形码 | 馆藏地/架位号 | 状态 | 备注 |
| 1 | 362952 | 203629528 | 自科库501/501自科库 64排7列2层/ [索取号:X22/Y456] | 在馆 | |
| 2 | 362953 | 203629537 | 期刊室512/501自科库 64排7列2层/ [索取号:X22/Y456] | 在馆 | |
| 3 | 362954 | 203629546 | 自科库501/501自科库 64排7列2层/ [索取号:X22/Y456] | 在馆 |